Carregando...
SYMBIOTIC NITROGENFIXATION TECHNOLOGY
| Autor principal: | |
|---|---|
| Formato: | Printed Book |
| Publicado em: |
NEW YORK, MARCEL DEKKER
1987
|
| Assuntos: |
| LEADER | 005240000a22001450004500 | ||
|---|---|---|---|
| 082 | |a 572.545 ELK/SY | ||
| 100 | |a ELKAN, GERALD H | ||
| 245 | |a SYMBIOTIC NITROGENFIXATION TECHNOLOGY | ||
| 260 | |a NEW YORK, MARCEL DEKKER | ||
| 260 | |c 1987 | ||
| 300 | |a pages 440 | ||
| 650 | |a COLLECTION,ISOLATION,CULTIVATION,AND MAINTENANCE OF RHIZOBIA | ||
| 942 | |c BK | ||
| 999 | |c 167158 |d 167158 | ||
| 952 | |0 0 |1 0 |4 0 |6 572_545000000000000_ELK_SY |7 0 |9 170861 |a KAUCOAP |b KAUCOAP |d 2013-07-24 |l 1 |o 572.545 ELK/SY |p KAU_COAP08856 |r 2013-07-24 |s 2013-07-24 |w 2013-07-24 |y BK | ||